• 首页
  • 本馆介绍
  • 公告通知
  • 最新文献
  • 馆藏检索
  • 电子资源
  • 读者导购
  • 参考咨询
  • 我的图书馆
  • 登录
  • 详细信息显示
  • 放入我的书架
  • 预约/预借图书
  • 作者相关作品
  • 分类相关作品
  • 丛书相关作品
  • 出版社相关作品

书目信息

  • 表格格式
  • 工作单格式
  • 卡片格式
题名:
社会主义核心价值观视域下的爱国主义研究
    
 
作者: 董向前 著
分册:  
出版信息: 长春   东北师范大学出版社  2018.1
页数: 184页
开本: 24cm
丛书名:
单 册:
中图分类: D647
科图分类:
主题词: 爱国主义教育--研究--中国
电子资源:
ISBN: 978-7-5681-4056-0
000 01064nam0 2200229 45
001 012001001034
005 20140920091302.0
010    @a978-7-5681-4056-0@dCNY43.00
100    @a20180118d2018 em y0chiy0110 ea
101 0  @achi
102    @aCN@b220000
105    @ay z 000yy
106    @ar
200 1  @a社会主义核心价值观视域下的爱国主义研究@9She Hui Zhu Yi He Xin Jia Zhi Guan Shi Yu Xia De Ai Guo Zhu Yi Yan Jiu@f董向前著
210    @a长春@c东北师范大学出版社@d2018.1
215    @a184页@d24cm
330    @a“爱国、敬业、诚信、友善”是党的十八大报告立足公民个人层面提出的社会主义核心价值观,寄予了社会实现自由、平等、公正、法治的美好愿景,倡导人民力行爱国、敬业、诚信、友善的社会美德。本著以社会主义核心价值观为基础,全景式深度解读社会主义核心价值观视域下爱国主义的基本内涵、理论渊源、实践探索、现实路径和未来指向,为社会主义核心价值观视域下爱国主义的培育践行提供重要的理论支撑。
606 0  @a爱国主义教育@x研究@y中国
690    @aD647@v5
701  0 @a董向前@9Dong Xiang Qian@4著
801  0 @aCN@b上海新华@c20180901
905    @b1155766-70@dD647@e210@f5
    
    社会主义核心价值观视域下的爱国主义研究/董向前著.-长春:东北师范大学出版社,2018.1
    184页;24cm
    
    
    ISBN 978-7-5681-4056-0:CNY43.00
    “爱国、敬业、诚信、友善”是党的十八大报告立足公民个人层面提出的社会主义核心价值观,寄予了社会实现自由、平等、公正、法治的美好愿景,倡导人民力行爱国、敬业、诚信、友善的社会美德。本著以社会主义核心价值观为基础,全景式深度解读社会主义核心价值观视域下爱国主义的基本内涵、理论渊源、实践探索、现实路径和未来指向,为社会主义核心价值观视域下爱国主义的培育践行提供重要的理论支撑。
●
相关链接 在E读中查询图书 在五车中查询图书 在当当中查询图书 在豆瓣中查询图书


正题名:社会主义核心价值观视域下的爱国主义研究     索取号:D647/210         预约/预借

序号 登录号 条形码 馆藏地/架位号 状态 备注
1 1155766   211557661   第一样本阅览室/ [索取号:D647/210] 在馆    
2 1155767   211557670   密集书库-史法系/ [索取号:D647/210] 在馆    
3 1155768   211557689   第一借阅区/ [索取号:D647/210] 在馆    
4 1155769   211557698   第一借阅区/ [索取号:D647/210] 在馆    
5 1155770   211557705   第一借阅区/ [索取号:D647/210] 在馆    
唐山师范学院图书馆 欢迎您!
大连网信软件有限公司© 版权所有